Los censos chilenos del siglo XX

Сохранить в:
Библиографические подробности
Главный автор: Pinto Rodríguez, Jorge (Автор)
Формат:
Язык:испанский
Опубликовано: Temuco Universidad de La Frontera 2010
Temuco Universidad de Los Lagos 2010
Редактирование:1a. ed
Предметы:
Метки: Добавить метку
Нет меток, Требуется 1-ая метка записи!

MARC

LEADER 00000nam a2200000 a 4500
001 UCG5362
003 CL-VaPUC
008 110303e20100800cl |||||||||||||||||spa|d
020 |a 9789568709358 
082 0 4 |a 983.03  |b PIN  |2 21 
100 0 |a Pinto Rodríguez, Jorge  |e author  |9 555004 
245 1 4 |a Los censos chilenos del siglo XX 
250 |a 1a. ed 
300 |a 350 p 
942 |c BK 
945 |d 20110303 00:00:00  |a dcastane 
260 |a Temuco  |b Universidad de La Frontera  |c 2010 
260 |a Temuco  |b Universidad de Los Lagos  |c 2010 
650 0 |a Historia de Chile  |9 265473 
650 7 |a CRECIMIENTO DEMOGRAFICO  |2 CL-VaPUC  |9 338225 
650 7 |a CENSOS  |2 CL-VaPUC  |9 317246 
583 |a last modification  |c 20171220 02:51:32  |k Rodrigo Vera 
999 |c 343890  |d 343888 
952 |0 0  |1 0  |4 0  |6 983_030000000000000_PIN_2010_2010  |7 0  |8 A  |9 441583  |a BIBHIS  |b BIBHIS  |d 2019-11-22  |i 4752260  |o 983.03 PIN 2010 2010  |p 4752260  |r 2025-01-20  |w 2019-11-22  |y BK  |k HIS